| 000 | 03070nam a2200385 a 4500 | ||
|---|---|---|---|
| 001 | 000002617 | ||
| 003 | DO-SdBPM | ||
| 005 | 20260515120344.0 | ||
| 007 | ta | ||
| 008 | 090703s1985 dr r 000 0 spa d | ||
| 040 |
_aDO-SdBPM _bspa _cBPMSU _drda |
||
| 082 | 0 | 4 |
_a322.1097293 _bA385d, 1985 _222 |
| 100 | 1 |
_aAlfau Durán, Vetilio, _d1909-1985 _eautor _4aut. |
|
| 245 | 1 | 3 |
_aEl derecho de patronato en la República Dominicana / _cVetilio Alfau Durán. |
| 250 | _a2a ed. | ||
| 264 |
_aSanto Domingo : _bEditora Taller, _c1985. |
||
| 300 |
_a124 páginas ; _c22 cm. |
||
| 336 |
_atexto _btxt _2rdacontent |
||
| 337 |
_asin mediación _bn _2rdamedia |
||
| 338 |
_avolumen _bnc _2rdacarrier |
||
| 500 | _a"Trabajo presentado como tesis en la Facultad de Derecho de la Universidad de Santo Domingo para optar al doctorado." | ||
| 500 | _aIncluye índice de personas y de lugares | ||
| 500 | _aA la cabeza de la portada: XIII Feria Nacional del Libro 1985, Vetilio Alfau Durán | ||
| 504 | _aBibliografía : páginas 121-124. | ||
| 505 | 0 |
_tPresentación / _rEmilio Rodríguez Demorizi _gIntroducción (El regio patronato indiano en Santo Domingo) -- _tDesaparición de la Provincia Eclesiástica de Santo Domingo ; _tRestablecimiento del arzobispado. Segundo período del regio patronato indiano ; _tPatronato Indiano ; _tLa república y el derecho de patronato ; _tEl presidente Santana y el arzobispado Portes ; _tMeriño surge por pimera vez ; _tEjercicio del patronato. Presentación de Cerezano ; _tEjercicio del patronato. Presentación de Rosón ; _tTercer período del regio pratronato indiano. El arzobispo Monzón ; _tEl gobierno de la Restauración y el patronato ; _tEstablecimiento del vicario apostólico y de la delegación apóstolica, Bouggenoms ; _tPrevenciones ridículas contra el santo padre y sus representantes ; _tBouggenoms, aceptado por el nuevo gobierno es rechazado por el clero. El cisma de 1868 ; _tSantache de Aguasanta. Vicario apóstolico de Santo Domingo y delegado apostólico ante los gobiernos de la República Dominicana, Haití y Venezuela ; _tRoque Cocchia ; _tEl convenio de 1884 ; _tEjercicio del patronato, Meriño en el arzobispado ; _tEjercicio del patronato, Nouel es nombrado arzobispo ; _tCoadjutor de Meriño Cum Iure successionis ; _tEl nombramiento de Nouel en el congreso. Una lamentable y contradictoria resolución legislativa, el congreso, vuelve sobre sus pasos ; _tCiudadanos diputados ; _tGrave error de los constituyentes de 1908 ; _tEl patronato en el derecho constitucional americano -- _gConclusiones -- _gBibliografía -- _gÍndice de personas y lugares |
|
| 590 | _aInventariado, 2026/VM | ||
| 650 | 7 |
_aIglesia y Estado en República Dominicana _ySiglo XIX |
|
| 650 | 7 |
_aIglesia y Estado en República Dominicana _yHistoria |
|
| 650 | 7 | _aPatronato eclesiástico | |
| 651 | 7 |
_aRepública Dominicana _xHistoria _yGobierno colonial español 1503-1795 |
|
| 700 | 1 |
_aTena Reyes, Jorge, _eprólogo |
|
| 700 | 1 |
_aRodríguez Demorizi, Emilio, _d1908-1986 |
|
| 910 | _aVMateo . Control de calidad. BPMSU | ||
| 942 |
_2ddc _cBK |
||
| 999 |
_c15846 _d15846 |
||